000 00778nam a2200229Ia 4500
005 20241129104339.0
008 241129s9999||||xx |||||||||||||| ||und||
020 _a9789352877782
037 _aTextual
040 _aRTL
_beng
_cRTL
041 _aeng
_2eng
084 _aX.2.P Q9.3
_qRTL
100 _aBalakrishnan Pulapre; Palshikar Suhas; Sundar Nandini
_9725921
245 0 _aReading India: Selections from Economic and Political Weekly
_cBalakrishnan Pulapre; Palshikar Suhas; Sundar Nandini
260 _aNew Delhi
_bOrient Blackswan
_c2019
300 _axxxiv,517p.
365 _aINR
_b1095
490 _v01584968: V3 1991-2017
650 _aEssential Readings on Economic and Political Issues
942 _cTB
_hX.2.P Q9.3
999 _c1225503
_d1225503